Loading...
| History - American | 0 | 9 | 0 | 0 | 90 | 66 | 102.44 | 1 | 4 | 9.33 | 13.33 |
| Current Events | 0 | 7 | 0 | 1 | 70 | 56 | 89.86 | 1 | 3 | 18.84 | 40.00 |
| History - World | 0 | 7 | 0 | 1 | 70 | 94 | 116.86 | 1 | 1 | 6.49 | 28.33 |
| History - European | 0 | 8 | 2 | 2 | 70 | 57 | 98.38 | 1 | 3 | 5.33 | 16.67 |
| History - Other | 0 | 8 | 3 | 1 | 65 | 64 | 104.50 | 1 | 1 | 0.00 | 0.00 |
| Social Science | 0 | 7 | 2 | 0 | 60 | 73 | 93.00 | 1 | 5 | 3.26 | 11.11 |
| Other Academic | 0 | 4 | 0 | 0 | 40 | 80 | 96.00 | 0 | 0 | 12.61 | 20.00 |
| Religion | 0 | 4 | 0 | 1 | 40 | 105 | 123.75 | 0 | 1 | 6.09 | 13.33 |
| Literature - British | 0 | 3 | 0 | 0 | 30 | 84 | 93.00 | 0 | 0 | 4.72 | 15.00 |
| Science - Other | 0 | 3 | 0 | 2 | 30 | 58 | 109.33 | 1 | 1 | 1.51 | 4.44 |
| Science - Physics | 0 | 3 | 0 | 0 | 30 | 93 | 103.67 | 0 | 1 | 0.00 | 0.00 |
| Literature - World | 0 | 3 | 1 | 0 | 25 | 106 | 111.00 | 1 | 2 | 2.25 | 6.67 |
| Literature - American | 0 | 2 | 0 | 0 | 20 | 67 | 86.00 | 0 | 1 | 0.13 | 3.33 |
| Science - Biology | 0 | 2 | 0 | 0 | 20 | 49 | 68.50 | 0 | 1 | 0.00 | 0.00 |
| Fine Arts - Other | 0 | 2 | 0 | 1 | 20 | 139 | 144.50 | 0 | 0 | 0.00 | 0.00 |
| Philosophy | 0 | 1 | 1 | 0 | 5 | 128 | 128.00 | 0 | 0 | 6.10 | 21.67 |
| Mythology | 0 | 1 | 1 | 0 | 5 | 90 | 90.00 | 0 | 0 | 0.00 | 0.00 |
| Science - Chemistry | 0 | 1 | 1 | 0 | 5 | 134 | 134.00 | 0 | 0 | 0.15 | 3.33 |
| Geography | 0 | 0 | 1 | 0 | -5 | 0.00 | 0 | 0 | 7.01 | 16.67 | |
| Literature - European | 0 | 0 | 1 | 0 | -5 | 0.00 | 0 | 0 | 4.60 | 30.00 |